000 01229nam a22002657a 4500
005 20170124103059.0
010 _aB-069699
020 _c375.00
_a8126704691
035 _aB-069699
037 _bCen Lib/Ret
040 _aDPL
_bEN
082 _a921
_bचंद्रशे
100 _aचंद्रशेखर
_9110732
245 _aचंद्रशेखर के विचार :
_cचंद्रशेखर एवं हरिवंश कृपाशंकर चौबे
_bभाषण एवं लेख /
246 _aChandrashekhar ke vichar :
_bbhasan evem lekhan /
260 _aनई दिल्ली
_bराजकमल प्रकाशन
_c2002
270 _bनई दिल्ली
_a1-बी, नेताजी सुभाष मार्ग
_e110002
300 _av,271पृ.
_c24सेमी (सजिल्द)
650 _aहिन्दी साहित्य
_9110733
650 _aचंद्रशेखर--जीवनी
_9232
650 _aHindi literature
_9110734
650 _aChandrasekhar - Biography
_975952
700 _a चौबे, हरिवंश कृपाशंकर
_946470
942 _2ddc
_cHN
_h921
_mचंद्रशे
999 _c117638
_d117638